000 00467nam a2200181Ia 4500
001 3887
005 20260306145716.0
008 260306t2006||||xx |||||||||||||| ||spa||
041 _aESP
082 _a305.26
_bP59
100 _aSacramento Pinazo, Hernandis (Dir.)
_eAUT
245 0 _aGerontología:
_bactualización, innovación y propuestas
260 _c2006
300 _a608 páginas :
_c24 cm.
650 _aGEN
654 _aCHU
942 _cLIB
_dJUS
_fJUS
_2ddc
_n
999 _c3887
_d3887